| 000 | 01730cam a2200457 i 4500 | ||
|---|---|---|---|
| 999 |
_c525678 _d525678 |
||
| 001 | 20045957 | ||
| 003 | NUST | ||
| 005 | 20190704043726.0 | ||
| 008 | 171004s2017 pk b 000 0 eng | ||
| 010 | _a 2017334131 | ||
| 020 | _a9789699988516 | ||
| 020 | _z9699988516 | ||
| 025 | _aP-E-2017334131; 33 | ||
| 037 | _bLibrary of Congress -- Islamabad Overseas Office | ||
| 038 | _aMuhammad Ibrahim | ||
| 040 |
_aDLC _beng _cDLC _erda |
||
| 042 |
_alcode _apcc |
||
| 043 | _aa-pk--- | ||
| 050 | 0 | 0 |
_aGN635.P27 _bH37 2017 |
| 082 |
_a 320.5491 _bREH 2017 |
||
| 100 | 1 |
_aHashmi, Rehana Saeed, _eauthor. _916616 |
|
| 245 | 1 | 0 |
_aPolitics of ethnicity in Pakistan : _bissues of national integration / _cRehana Saeed Hashmi. |
| 264 | 1 |
_aLahore : _bPeace Publications, _c2017. |
|
| 300 |
_a316 pages ; _c25 cm |
||
| 336 |
_atext _btxt _2rdacontent |
||
| 337 |
_aunmediated _bn _2rdamedia |
||
| 338 |
_avolume _bnc _2rdacarrier |
||
| 504 | _aIncludes bibliographical references. | ||
| 650 | 0 |
_aEthnicity _zPakistan. _94257 |
|
| 650 | 0 |
_aEthnicity _xPolitical aspects _zPakistan. _916617 |
|
| 650 | 0 |
_aEthnic groups _xPolitical activity _zPakistan. _916618 |
|
| 650 | 0 |
_aGroup identity _zPakistan. _916619 |
|
| 650 | 0 |
_aBaluchi (Southwest Asian people) _zPakistan _zBalochistān _xEthnic identity. _916620 |
|
| 650 | 0 |
_aMuhajir (Pakistani people) _zPakistan _zSindh _xEthnic identity. _916621 |
|
| 650 | 0 |
_aSiraiki (South Asian people) _zPakistan _xEthnic identity. _916622 |
|
| 651 | 0 |
_aPakistan _xEthnic relations _xPolitical aspects. _916623 |
|
| 651 | 0 |
_aPakistan _xPolitics and government _y1988- _9384 |
|
| 906 |
_a7 _bcbc _corigode _d3 _encip _f20 _gy-gencatlg |
||
| 942 |
_2ddc _cBK |
||